00659cam a2200181 a 4500020001800000020001500018040000800033082002600041100002200067245010300089260007600192300004500268490004800313500001800361500002300379650001400402710006100416 a9789251069288 a925106928X cDKU a597 FOO 2011 A082 Or.1 aRenaud, Claude B.10aLampreys of the world :ban annotated and illustrated catalogue of lamprey species known to date / aRome :bFood and Agriculture Organization of the United Nations,c2011. avi, 109 p. :bill., col. maps. ;c30 cm.1 aFAO species catalogue for fishery purposes, a"FIR/Cat. 5." a"FAO fish finder." 0aLampreys.2 aFood and Agriculture Organization of the United Nations.